| 000 | 00000nam 2200000zi 4500 |
| 001 | 9.940823 |
| 003 | CaOODSP |
| 005 | 20240722104055 |
| 006 | m o d f |
| 007 | cr bn||||||||| |
| 008 | 240722t20242024onc oz f000 0 fre d |
| 020 | |a9780660726823 |
| 040 | |aCaOODSP|bfre|erda|cCaOODSP |
| 041 | 0 |aeng|afre |
| 043 | |an-cn---|ae-fr--- |
| 086 | 1 |aFR4-2024/13-PDF |
| 130 | 0 |aAccord entre le Gouvernement du Canada et le Gouvernement de la République française relatif au déploiement d'agents de sûreté en vol |d(2022 janvier 19) |
| 245 | 10|aFrance / Aviation - Agreement between the Government of Canada and the Government of the French Republic Concerning the Deployment of In-Flight Security Officers = |bFrance / Aviation - Accord entre le Gouvernement du Canada et le Gouvernement de la République française relatif au déploiement d'agents de sûreté en vol. |
| 246 | 31|aFrance / Aviation - Accord entre le Gouvernement du Canada et le Gouvernement de la République française relatif au déploiement d'agents de sûreté en vol |
| 264 | 1|a[Ottawa] : |bTreaty Law Division of the Department of Foreign Affairs, Trade and Development = Direction du droit des traités du Ministère des affaires étrangères, du commerce et du développement, |c[2024] |
| 264 | 4|a©2024 |
| 300 | |a1 ressource en ligne (8, 8 pages). |
| 336 | |atexte|btxt|2rdacontent/fre |
| 337 | |ainformatique|bc|2rdamedia/fre |
| 338 | |aressource en ligne|bcr|2rdacarrier/fre |
| 490 | 1 |aTreaty series = |aRecueil des traités ; |v2024/13 |
| 500 | |a« Fait à Paris le 19 janvier 2022. En vigueur le 1 juin 2024. » |
| 500 | |aNumérotation répétée sur les pages suppléants. |
| 546 | |aTexte en anglais et en français. |
| 650 | 6|aPoliciers de l'air|xDroit|zCanada|vLégislation. |
| 650 | 6|aTransports aériens|xSécurité|xMesures|xDroit|zCanada|vLégislation. |
| 650 | 6|aPoliciers de l'air|xDroit|zFrance|vLégislation. |
| 650 | 6|aTransports aériens|xSécurité|xMesures|xDroit|zFrance|vLégislation. |
| 651 | 6|aCanada|xRelations extérieures|vTraités. |
| 651 | 6|aFrance|xRelations extérieures|vTraités. |
| 655 | 7|aTraiteĢs|2rvmgf |
| 710 | 1 |aCanada. |bAffaires mondiales Canada. |bDirection du droit des traités, |eorganisme de publication. |
| 710 | 1 |aCanada, |eparticipant à un traité. |
| 710 | 1 |aFrance, |eparticipant à un traité. |
| 788 | |tFrance / Aviation - Agreement between the Government of Canada and the Government of the French Republic Concerning the Deployment of In-Flight Security Officers = |eeng|w(CaOODSP)9.940206 |
| 830 | #0|aCanada treaty series ;|v2024/13.|w(CaOODSP)9.811738 |
| 856 | 40|qPDF|s505 Ko|uhttps://publications.gc.ca/collections/collection_2024/amc-gac/FR4-2024-13.pdf |